| 000 | 00379cam a2200145ua 4500 | ||
|---|---|---|---|
| 041 |
_ahin _h |
||
| 082 |
_a891.43 _bVAL/KA |
||
| 100 | _aValdevprasadh, Singh . | ||
| 245 |
_aKamari prathyashi / _cSingh Valdevprasadh. _hTextual Documents |
||
| 260 |
_aVaranasi : _bHindi Pracharak Pusthakalayam , _c1962. |
||
| 300 | _a96 ; . | ||
| 504 | _a | ||
| 942 | _cBK | ||
| 999 |
_c3675 _d3675 |
||